Statistics for Books by Letter P

Click here to take the quiz!

General Stats

  • This quiz has been taken 33 times
  • The average score is 8 of 14

Answer Stats

HintBook% Correct
A free-spirited and mischievous young boy who can fly and never grows up.Peter Pan
97%
The news that a wealthy young gentleman named Charles Bingley has rented the manor of Netherfield Park causes a great stir in the nearby village of Longbourn, especially in the Bennet household.Pride and Prejudice
90%
From his hideout beneath a 19th century Paris opera house, the brooding Phantom schemes to get closer to vocalist Christine Daae.The Phantom of the Opera
90%
Norman Bates, a middle-aged bachelor, is dominated by his mother, a mean-tempered, puritanical old woman who forbids him to have a life outside of her.Psycho
87%
A young man named Dorian Gray who has a portrait painted of himself.The Picture of Dorian Gray
77%
An epic poem in blank verse by the 17th-century English poet John Milton.Paradise Lost
65%
When a doubting young boy takes an extraordinary train ride to the North Pole, he embarks on a journey of self-discovery that shows him that the wonder of life never fades for those who believe.The Polar Express
65%
A memoir by the Polish-Jewish pianist and composer Władysław Szpilman in which he describes his life in Warsaw in occupied Poland during World War II.The Pianist
61%
The story of a poor, young flower girl who has been disrespected and overlooked because of her appearance and the dialect she speaks.Pygmalion
55%
The story concerns Anne Elliot, a young Englishwoman of 27 years, whose family is moving to lower their expenses and get out of debt.Persuasion
39%
A fairy tale adventure about a beautiful young woman and her one true love. He must find her after a long separation and save her.The Princess Bride
39%
Dr. Louis Creed and his wife, Rachel, relocate from Boston to rural Maine with their two young children. The couple soon discover a mysterious burial ground hidden deep in the woods near their new home.Pet Sematary
32%
The story of a spirited young American woman, Isabel Archer, who, "confronting her destiny", finds it overwhelming.The Portrait of a Lady
10%
About the development of an imaging technology for the military using nanotechnology to create molecular cameras that work together in swarm formations to take photos behind enemy lines.Prey
0%

Score Distribution

Percentile by Number Answered

Percent of People with Each Score

Your Score History

You have not taken this quiz